000 00746nas a2200253 4500
001 BR2013010904
003 BR-BrBNA
005 20231205123544.0
007 ta
008 230509b bl.|||p| |||| 00| 00por d
040 _aBR-BrBNA
_bpor
_cBiblioteca Nacional de Agricultura
041 _a(En)
072 _aH10
100 1 _aKonopko, S.A.
245 1 _aThe nymphs of Sigara (Tropocorixa)denseconscripta (Hemiptera, Heteroptera, Corixidae)
650 _aINSETO
650 _aHEMIPTERO
650 _aNINFA
650 _aLARVA
650 _aBIOLOGIA
773 0 _tIheringia. Série Zoologia (Brazil)
_xISSN 0073-4721
_g(Sep 2013), v. 103(3) p. 302-312
_wBR2013010904
909 _a202311
_bLúcia
_c55
_dLúcia Elande
942 _2AGRIS
_n0
_cANA
999 _c234492
_d234492